00255nam a22001217a 4500003000400000020001800004082001400022100002100036245002800057250001000085260003000095300000800125SGT a9789354658778 a615bGAR  aGARG GOBIND RAI  aREVIEW OF PHARMACOLOGY  a16TH  aINDIA bJAYPEE PUB c2026 a532